[Event "Ronne Jubilaum"]
[Site "Ronne"]
[Date "2001.06.26"]
[Round "4"]
[White "Andersen, Rune"]
[Black "Nielsen, Rasmus Lundberg"]
[Result "1/2-1/2"]
[WhiteElo "2298"]
[BlackElo "1684"]
[PlyCount "111"]
[EventDate "2001.??.??"]
[EventType "swiss"]
[EventRounds "9"]
[EventCountry "DEN"]
[SourceDate "2005.12.01"]

1. d4 Nf6 2. Nc3 d6 3. e4 e5 4. dxe5 dxe5 5. Qxd8+ Kxd8 6. Bg5 Be6 7. Nf3 Bd6
8. O-O-O Ke7 9. Nd5+ Bxd5 10. exd5 h6 11. Bh4 Nbd7 12. Bc4 g5 13. Bg3 Nh5 14.
Rde1 Nxg3 15. hxg3 f5 16. a3 Kf6 17. Ba2 a5 18. Nd2 b5 19. c4 b4 20. axb4 axb4
21. Bb3 Nc5 22. Kc2 h5 23. Kb1 e4 24. Bc2 Ra7 25. Bxe4 Nxe4 26. Nxe4+ fxe4 27.
Rxe4 Kf5 28. Re3 g4 29. Kc2 Bc5 30. Re6 Kg5 31. Rhe1 Rf8 32. R6e5+ Rf5 33. f4+
gxf3 34. gxf3 Rxe5 35. Rxe5+ Kg6 36. Re6+ Kg5 37. Re5+ Kg6 38. Kb3 Ra8 39. Re6+
Kf5 40. Rh6 Kg5 41. Rh7 Bd6 42. f4+ Kg4 43. Rg7+ Kf3 44. Rg5 h4 45. gxh4 Kxf4
46. Rg7 Rh8 47. c5 Bxc5 48. Rxc7 Bd6 49. Rc4+ Ke5 50. Rg4 Kxd5 51. Rg5+ Ke6 52.
h5 Rh6 53. Rb5 Rf6 54. Rg5 Be7 55. Rg2 Bd6 56. Rg5 1/2-1/2

[Event "Ronne Jubilaum"]
[Site "Ronne"]
[Date "2001.06.26"]
[Round "4"]
[White "Munch, Anders"]
[Black "Henrichsen, Jens"]
[Result "1/2-1/2"]
[WhiteElo "1857"]
[BlackElo "2051"]
[PlyCount "59"]
[EventDate "2001.??.??"]
[EventType "swiss"]
[EventRounds "9"]
[EventCountry "DEN"]
[SourceDate "2005.12.01"]

1. d4 Nf6 2. Bg5 e6 3. e4 h6 4. Bxf6 Qxf6 5. e5 Qd8 6. f4 d6 7. Nf3 b6 8. Nbd2
Bb7 9. Bd3 Nd7 10. Qe2 dxe5 11. dxe5 g6 12. O-O-O Qe7 13. Ne4 O-O-O 14. Ba6 Bg7
15. Qc4 Kb8 16. Bxb7 Kxb7 17. Nd4 Nb8 18. Rd3 Rd5 19. Ra3 Rhd8 20. Nb5 a6 21.
Nbc3 Rd4 22. Qe2 Qb4 23. Rb3 Qc4 24. Qf2 Ka7 25. Re1 Nc6 26. g3 Kb8 27. Ra3 a5
28. Ra4 Qa6 29. Rxd4 Nxd4 30. Qf1 1/2-1/2

[Event "Ronne Jubilaum"]
[Site "Ronne"]
[Date "2001.06.26"]
[Round "4"]
[White "Aurlund, Kjell"]
[Black "Jensen, Jan Kargaard"]
[Result "1-0"]
[WhiteElo "2305"]
[BlackElo "1644"]
[PlyCount "53"]
[EventDate "2001.??.??"]
[EventType "swiss"]
[EventRounds "9"]
[EventCountry "DEN"]
[SourceDate "2005.12.01"]

1. e4 c5 2. Nf3 g6 3. h4 Bg7 4. Bc4 Nc6 5. h5 d6 6. Ng5 e6 7. d3 b5 8. hxg6
hxg6 9. Rxh8 Bxh8 10. Qf3 Bf6 11. Bxb5 Bd7 12. Bxc6 Bxc6 13. Qg3 Rb8 14. c3 a5
15. Na3 d5 16. e5 Bxg5 17. Bxg5 Qb6 18. Rb1 d4 19. Nc4 Qc7 20. Nd6+ Kf8 21. Qh4
dxc3 22. Qh8 Rxb2 23. Rc1 f6 24. Bh6+ Ke7 25. Qg7+ Kd8 26. Qxg8+ Kd7 27. Qe8#
1-0

[Event "Ronne Jubilaum"]
[Site "Ronne"]
[Date "2001.06.26"]
[Round "4"]
[White "Mildenberger, Hans"]
[Black "Schmidt, Horst Hubert"]
[Result "0-1"]
[WhiteElo "1700"]
[BlackElo "2006"]
[PlyCount "98"]
[EventDate "2001.??.??"]
[EventType "swiss"]
[EventRounds "9"]
[EventCountry "DEN"]
[SourceDate "2005.12.01"]

1. d4 Nf6 2. c4 e6 3. Nf3 d5 4. e3 Nbd7 5. Bd2 b6 6. Be2 Bb7 7. Nc3 Bd6 8. Qb3
c5 9. cxd5 Nxd5 10. e4 Nxc3 11. Bxc3 Bxe4 12. dxc5 Nxc5 13. Qb5+ Kf8 14. Rd1
Qc7 15. Qc4 Bd5 16. Qg4 f5 17. Qd4 Ne4 18. Bb4 Bc5 19. Bxc5+ bxc5 20. Qa4 Rb8
21. Qa3 Qb6 22. Nd4 Nf6 23. O-O Kf7 24. Nf3 Bxf3 25. Bxf3 Rhd8 26. b3 Rd4 27.
Qc1 Rbd8 28. Rxd4 cxd4 29. Rd1 h6 30. Qc4 g5 31. Be2 g4 32. Bd3 Kg6 33. Re1 Rd6
34. Qc1 Qb4 35. Bc4 Ne4 36. f3 gxf3 37. gxf3 Ng5 38. Kf2 d3 39. Rg1 d2 40. Qd1
Kf6 41. Kg3 Qc3 42. Rf1 e5 43. Kg2 f4 44. h4 Ne6 45. Bxe6 Kxe6 46. Kh3 Rd3 47.
Kg4 Kf6 48. Kh3 h5 49. Rf2 e4 0-1

[Event "Ronne Jubilaum"]
[Site "Ronne"]
[Date "2001.06.26"]
[Round "4"]
[White "Dalrud, Endre"]
[Black "Taksrud, Vidar"]
[Result "1-0"]
[WhiteElo "2145"]
[BlackElo "1944"]
[PlyCount "71"]
[EventDate "2001.??.??"]
[EventType "swiss"]
[EventRounds "9"]
[EventCountry "DEN"]
[SourceDate "2005.12.01"]

1. e4 d5 2. exd5 Nf6 3. Be2 Nxd5 4. d4 e6 5. Nf3 Be7 6. O-O O-O 7. c4 Nb6 8.
Nc3 Nc6 9. Bf4 a6 10. Qd2 Bf6 11. Rad1 Re8 12. Rfe1 Nxd4 13. Nxd4 e5 14. Nf3
exf4 15. Qxf4 Qe7 16. Bd3 Be6 17. Nd5 Qd8 18. Nxc7 Qb8 19. Qg3 Bxb2 20. Nxa8
Nxa8 21. Qh4 h6 22. Nd4 Nc7 23. Qe4 g6 24. Qf4 Bc3 25. Re3 Qd8 26. Nxe6 Nxe6
27. Qxh6 Qf6 28. Rf3 Qe7 29. Bxg6 fxg6 30. Rxc3 Nf4 31. Re3 Rd8 32. Rde1 Qf7
33. h4 Nd3 34. Re7 Qxf2+ 35. Kh1 Qf6 36. Re8+ 1-0

[Event "Ronne Jubilaum"]
[Site "Ronne"]
[Date "2001.06.26"]
[Round "4"]
[White "Erikstad, Olav Aage"]
[Black "Hansen, Jacob "]
[Result "0-1"]
[WhiteElo "1548"]
[BlackElo "1878"]
[PlyCount "111"]
[EventDate "2001.??.??"]
[EventType "swiss"]
[EventRounds "9"]
[EventCountry "DEN"]
[SourceDate "2005.12.01"]

1. e4 e5 2. Nf3 Nc6 3. c3 d6 4. d4 exd4 5. cxd4 Bd7 6. Nc3 Nf6 7. a3 Be7 8. Bd3
Bg4 9. Be2 O-O 10. O-O a6 11. Bf4 d5 12. e5 Ne4 13. Rc1 h6 14. Nd2 Nxc3 15.
Rxc3 Bxe2 16. Qxe2 Nxd4 17. Qg4 Qc8 18. Qd1 Ne6 19. Bxh6 Rd8 20. Rg3 Kf8 21.
Qg4 Ke8 22. Bxg7 Nxg7 23. Qxg7 Qe6 24. h4 Kd7 25. Qg4 Rh8 26. Qxe6+ Kxe6 27.
Nf3 Rh5 28. Rg4 c5 29. g3 b5 30. Re1 a5 31. Ng5+ Bxg5 32. Rxg5 Rxg5 33. hxg5 d4
34. f4 c4 35. g4 b4 36. f5+ Ke7 37. e6 f6 38. gxf6+ Kxf6 39. e7 Re8 40. Re4 c3
41. bxc3 dxc3 42. axb4 Rxe7 43. Rc4 axb4 44. Kf2 Rb7 45. Ke2 b3 46. Rc6+ Kf7
47. g5 b2 48. g6+ Kg7 49. f6+ Kxg6 50. f7+ Kxf7 51. Kd3 b1=Q+ 52. Kd4 c2 53.
Ke5 c1=Q 54. Rf6+ Kg7 55. Kd5 Qd3+ 56. Ke5 0-1

[Event "Ronne Jubilaum"]
[Site "Ronne"]
[Date "2001.06.26"]
[Round "4"]
[White "Cordes, Till"]
[Black "Moller, Morten Kock"]
[Result "0-1"]
[WhiteElo "1431"]
[BlackElo "1859"]
[PlyCount "102"]
[EventDate "2001.??.??"]
[EventType "swiss"]
[EventRounds "9"]
[EventCountry "DEN"]
[SourceDate "2005.12.01"]

1. e4 e5 2. f4 exf4 3. Nf3 g5 4. d4 Bg7 5. Bc4 d6 6. O-O Nc6 7. Nxg5 Qxg5 8.
Bxf7+ Kxf7 9. Bxf4 Qg6 10. Bxd6+ Ke8 11. Bxc7 Bg4 12. Qd2 Bxd4+ 13. Kh1 Qg7 14.
c3 Be5 15. Bxe5 Qxe5 16. Qf2 Qe7 17. Na3 Nf6 18. Qxf6 Qxf6 19. Rxf6 Ke7 20. Rf4
Be6 21. Nb5 Raf8 22. Rff1 Rxf1+ 23. Rxf1 Rf8 24. Rxf8 Kxf8 25. a3 Ke7 26. Nd4
Nxd4 27. cxd4 Bc4 28. Kg1 Bd3 29. e5 Ke6 30. Kf2 Kd5 31. Ke3 Bg6 32. g4 h6 33.
h4 b5 34. h5 Bf7 35. g5 hxg5 36. h6 Bg6 37. Kf3 Bf5 38. b3 a5 39. Ke3 Ke6 40.
Kf3 Kf7 41. d5 Kg6 42. e6 Kxh6 43. e7 Bd7 44. b4 a4 45. Kg3 Kg6 46. d6 Kf6 47.
Kf3 Ke5 48. Kg3 Kxd6 49. e8=Q Bxe8 50. Kg4 Kd5 51. Kxg5 Kc4 0-1

[Event "Ronne Jubilaum"]
[Site "Ronne"]
[Date "2001.06.26"]
[Round "4"]
[White "Evensen, Tom Richard"]
[Black "Kraft, Rene"]
[Result "1-0"]
[WhiteElo "1838"]
[BlackElo "1627"]
[PlyCount "71"]
[EventDate "2001.??.??"]
[EventType "swiss"]
[EventRounds "9"]
[EventCountry "DEN"]
[SourceDate "2005.12.01"]

1. d4 d5 2. c4 c6 3. Nf3 g6 4. Nc3 Nf6 5. e3 Bg7 6. Bd3 O-O 7. Qc2 dxc4 8. Bxc4
b5 9. Bd3 a6 10. O-O Nd5 11. a3 Bg4 12. Ne5 Bxe5 13. dxe5 Ra7 14. f3 Bc8 15.
Kh1 Rd7 16. Be4 Nxc3 17. Qxc3 Rd1 18. Re1 Be6 19. b4 Bc4 20. Bb2 Rxe1+ 21. Rxe1
e6 22. Qc2 Qc7 23. Rd1 c5 24. Rd6 cxb4 25. axb4 a5 26. bxa5 Qxa5 27. Qc3 Qa4
28. h4 Qa7 29. Qd2 Qc7 30. Bc3 Rc8 31. Bb4 Qe7 32. g3 Qe8 33. Bb7 Nc6 34. Bxc8
Bd5 35. Bd7 Bxf3+ 36. Kh2 1-0

[Event "Ronne Jubilaum"]
[Site "Ronne"]
[Date "2001.06.26"]
[Round "4"]
[White "Hemdorff, Dennis"]
[Black "Furseev, Evgeni"]
[Result "0-1"]
[WhiteElo "1653"]
[BlackElo "1800"]
[PlyCount "96"]
[EventDate "2001.??.??"]
[EventType "swiss"]
[EventRounds "9"]
[EventCountry "DEN"]
[SourceDate "2005.12.01"]

1. e4 e5 2. Nf3 f5 3. Bc4 d6 4. d3 Be7 5. Nc3 c6 6. a3 f4 7. Bd2 Bg4 8. Qe2 Bf6
9. Nd1 Ne7 10. Bc3 Ng6 11. b4 Nh4 12. Rg1 Nd7 13. Bb2 Nf8 14. Nc3 Qe7 15. Nb1
O-O-O 16. Nbd2 Ne6 17. Bxe6+ Qxe6 18. c4 Rd7 19. Qd1 Rhd8 20. Qc2 Nxf3+ 21.
gxf3 Bh5 22. a4 Kb8 23. b5 d5 24. bxc6 bxc6 25. cxd5 cxd5 26. Bc3 Rc8 27. Qb3+
Rb7 28. exd5 Rxb3 29. dxe6 Rbxc3 30. Ke2 Bg6 31. Rab1+ Ka8 32. Ne4 Ra3 33. Nxf6
gxf6 34. e7 Bxd3+ 35. Kd2 Bxb1 36. Rc1 Ra2+ 37. Kd1 Rxc1+ 38. Kxc1 Bg6 39. Kd1
Rxf2 40. a5 Rxh2 41. Ke1 h5 42. a6 Ra2 43. Kf1 h4 44. Kg1 Be8 45. Kh1 h3 46.
Kg1 Bc6 47. Kh1 Bxf3+ 48. Kg1 h2+ 0-1

[Event "Ronne Jubilaum"]
[Site "Ronne"]
[Date "2001.06.26"]
[Round "4"]
[White "Svanholm, Borge"]
[Black "Simonsen, Per"]
[Result "1-0"]
[WhiteElo "1712"]
[BlackElo "1723"]
[PlyCount "151"]
[EventDate "2001.??.??"]
[EventType "swiss"]
[EventRounds "9"]
[EventCountry "DEN"]
[SourceDate "2005.12.01"]

1. c4 e5 2. g3 Nc6 3. Bg2 f5 4. d3 Nf6 5. Nc3 d6 6. Nf3 h6 7. O-O Be6 8. Rb1 a5
9. a3 d5 10. cxd5 Nxd5 11. Bd2 Qd7 12. Nxd5 Bxd5 13. b4 axb4 14. axb4 b5 15.
Qc2 Bd6 16. e3 O-O 17. Rfc1 Ne7 18. Ra1 Kh8 19. Qb2 Nc6 20. Nh4 Ne7 21. Bxd5
Rxa1 22. Qxa1 g5 23. Bc6 Nxc6 24. Ng6+ Kg7 25. Nxf8 Kxf8 26. Qa8+ Nd8 27. Qd5
Qe6 28. Qxe6 Nxe6 29. Ra1 Ke7 30. Kf1 Kd7 31. Ke2 Nd8 32. Kd1 Nc6 33. Rb1 Ke6
34. Kc2 Kd5 35. Kb3 e4 36. d4 Ke6 37. Ra1 Ne7 38. Ra5 c6 39. Ra8 Kf7 40. Rd8
Bc7 41. Rd7 Bb8 42. Rb7 Bd6 43. d5 cxd5 44. Bc3 f4 45. Rxb5 fxe3 46. fxe3 Ke6
47. Rb6 Nf5 48. Bd4 Nxd4+ 49. exd4 Kd7 50. Kc3 h5 51. Rb7+ Bc7 52. Ra7 Kc6 53.
Ra6+ Bb6 54. Ra8 Kd7 55. Rh8 h4 56. gxh4 gxh4 57. Rxh4 Bd8 58. Rh5 Ke6 59. b5
Ba5+ 60. Kc2 Kd6 61. Rh6+ Kc7 62. h4 Be1 63. h5 Bf2 64. Kc3 Be1+ 65. Kc2 Bf2
66. Rc6+ Kd7 67. Kc3 Be1+ 68. Kc2 Bf2 69. Rg6 Bxd4 70. h6 Ke7 71. b6 Kf7 72.
Rd6 Be3 73. b7 d4 74. h7 d3+ 75. Rxd3 exd3+ 76. Kxd3 1-0

[Event "Ronne Jubilaum"]
[Site "Ronne"]
[Date "2001.06.26"]
[Round "4"]
[White "Almind, Heinrich Dalsgaard"]
[Black "Eriksson, Bo"]
[Result "1/2-1/2"]
[WhiteElo "2238"]
[BlackElo "2232"]
[PlyCount "145"]
[EventDate "2001.??.??"]
[EventType "swiss"]
[EventRounds "9"]
[EventCountry "DEN"]
[SourceDate "2005.12.01"]

1. d4 d5 2. Bf4 Nf6 3. e3 c5 4. c3 Nc6 5. Nf3 Qb6 6. Qb3 Bf5 7. dxc5 Qxb3 8.
axb3 Nd7 9. b4 e5 10. Bg3 f6 11. Bb5 Be7 12. O-O O-O 13. Rd1 Be6 14. Ba4 Rfd8
15. b5 Na5 16. b4 Nc4 17. Bb3 Nf8 18. h3 a6 19. bxa6 Rxa6 20. Rxa6 bxa6 21.
Bxc4 dxc4 22. Rxd8 Bxd8 23. Na3 a5 24. Nd2 axb4 25. cxb4 c3 26. Ndb1 c2 27.
Nxc2 Bf5 28. Nba3 Ne6 29. f3 Nc7 30. e4 Bd7 31. Kf2 Kf7 32. Ke3 Be7 33. Kd3 Ke8
34. Ne3 Nb5 35. Nxb5 Bxb5+ 36. Kc3 Kd7 37. f4 exf4 38. Bxf4 g6 39. h4 f5 40.
exf5 Bxh4 41. fxg6 hxg6 42. g3 Bf6+ 43. Kb3 Ke6 44. Nc4 Kd5 45. Nd6 Bd3 46. Ne8
Bd8 47. Nd6 Bf6 48. Nf7 Bb5 49. Bd2 Be5 50. g4 Be2 51. g5 Bd1+ 52. Ka3 Bc7 53.
Bc3 Bf4 54. Kb2 Bg4 55. Bf6 Bc7 56. Kc3 Be6 57. Nh8 Bf5 58. Bd4 Ke6 59. Bg7 Kd5
60. Bf6 Bf4 61. Nf7 Bc7 62. Bd4 Bd7 63. Nh8 Be8 64. Bf6 Bf4 65. Kd3 Bb5+ 66.
Kc3 Be8 67. Kb3 Be3 68. Be7 Bd4 69. Nxg6 Bxg6 70. Ka4 Be8+ 71. Ka5 Bc3 72. Bf6
Bd2 73. Be7 1/2-1/2

[Event "Ronne Jubilaum"]
[Site "Ronne"]
[Date "2001.06.27"]
[Round "5"]
[White "Ibragimov, Ildar"]
[Black "Loginov, Valery A"]
[Result "0-1"]
[WhiteElo "2578"]
[BlackElo "2499"]
[PlyCount "96"]
[EventDate "2001.??.??"]
[EventType "swiss"]
[EventRounds "9"]
[EventCountry "DEN"]
[SourceDate "2005.12.01"]

1. b3 e5 2. Bb2 d6 3. e3 g6 4. d4 Bg7 5. c4 Nd7 6. Nf3 exd4 7. Qc2 Ngf6 8. Nxd4
O-O 9. Nc3 Ne5 10. Be2 c5 11. Nf3 Bf5 12. Qd2 Ne4 13. Nxe4 Bxe4 14. O-O-O Qf6
15. Ne1 Qh4 16. f3 Bc6 17. g3 Qh3 18. Qxd6 Rfe8 19. Qxc5 Nd7 20. Qa3 Rxe3 21.
Bxg7 Rxe2 22. Bc3 Qf5 23. Qd6 Rxa2 24. g4 Qc5 25. Qxc5 Nxc5 26. b4 Ne6 27. b5
Be8 28. Nc2 Rc8 29. Nb4 Rf2 30. Rhe1 Rxc4 31. Re3 Bxb5 32. Kb1 Kf8 33. Nd5 Bc6
34. Nf6 Ke7 35. g5 Rxc3 36. Rxc3 Nxg5 37. Nd5+ Kf8 38. f4 Ne6 39. Nb4 Be4+ 40.
Ka1 Rxf4 41. Nd5 Rf5 42. Ne3 Rf2 43. h4 h5 44. Nc4 Rf4 45. Ne5 Rxh4 46. Rc8+
Kg7 47. Rd7 Rf4 48. Re8 Kf6 0-1

[Event "Ronne Jubilaum"]
[Site "Ronne"]
[Date "2001.06.27"]
[Round "5"]
[White "Pedersen, Steffen"]
[Black "Hector, Jonny"]
[Result "1/2-1/2"]
[WhiteElo "2463"]
[BlackElo "2546"]
[PlyCount "67"]
[EventDate "2001.??.??"]
[EventType "swiss"]
[EventRounds "9"]
[EventCountry "DEN"]
[SourceDate "2005.12.01"]

1. d4 d5 2. c4 c6 3. Nf3 Nf6 4. Nc3 dxc4 5. a4 Bf5 6. Ne5 Nbd7 7. Nxc4 Nd5 8.
g3 e5 9. Bg2 Nb4 10. Ne3 Be6 11. d5 cxd5 12. Nexd5 Nxd5 13. Bxd5 Nc5 14. O-O
Bxd5 15. Nxd5 Qd7 16. b4 O-O-O 17. Bg5 f6 18. Nxf6 Qc6 19. Qc2 gxf6 20. Qf5+
Qd7 21. Qxf6 Bg7 22. Qf3 Ne6 23. Bxd8 Rxd8 24. Qh5 Kb8 25. Rfd1 Qe7 26. Rxd8+
Qxd8 27. e3 h6 28. Qf7 Qc8 29. Rd1 Bf8 30. Rd7 Qc1+ 31. Kg2 Qc6+ 32. Kg1 Qc1+
33. Kg2 Qc6+ 34. Kg1 1/2-1/2

[Event "Ronne Jubilaum"]
[Site "Ronne"]
[Date "2001.06.27"]
[Round "5"]
[White "Hillarp Persson, Tiger"]
[Black "Kiriakov, Petr"]
[Result "1-0"]
[WhiteElo "2443"]
[BlackElo "2546"]
[PlyCount "59"]
[EventDate "2001.??.??"]
[EventType "swiss"]
[EventRounds "9"]
[EventCountry "DEN"]
[SourceDate "2005.12.01"]

1. e4 e6 2. Qe2 Be7 3. g3 d5 4. e5 c5 5. d3 Nc6 6. Nf3 b5 7. Bg2 a5 8. O-O h5
9. h4 Nh6 10. Bxh6 Rxh6 11. a4 bxa4 12. c4 Kf8 13. Nc3 Nb4 14. Rxa4 Bb7 15. Re1
Bc6 16. Raa1 Rb8 17. cxd5 exd5 18. d4 c4 19. Reb1 Bd7 20. b3 Bf5 21. bxc4 Bxb1
22. Rxb1 dxc4 23. Qe4 Nd3 24. Rxb8 Qxb8 25. d5 Qb6 26. Qxc4 Nc5 27. d6 Bd8 28.
Nd5 Qb1+ 29. Kh2 Ne6 30. Qc8 1-0

[Event "Ronne Jubilaum"]
[Site "Ronne"]
[Date "2001.06.27"]
[Round "5"]
[White "Kveinys, Aloyzas"]
[Black "Smetankin, Stanislav"]
[Result "1-0"]
[WhiteElo "2533"]
[BlackElo "2431"]
[PlyCount "81"]
[EventDate "2001.??.??"]
[EventType "swiss"]
[EventRounds "9"]
[EventCountry "DEN"]
[SourceDate "2005.12.01"]

1. e4 c5 2. Nf3 Nc6 3. Bb5 g6 4. O-O Bg7 5. c3 Nf6 6. Re1 O-O 7. h3 Ne8 8. d3
Nc7 9. Ba4 e5 10. Bg5 Qe8 11. Na3 Ne6 12. Bd2 Qe7 13. Nc4 d6 14. a3 Rb8 15.
Bxc6 bxc6 16. b4 f5 17. exf5 gxf5 18. bxc5 Nxc5 19. d4 Nb3 20. dxe5 d5 21. Bg5
Qc7 22. Nd6 Nxa1 23. Qxa1 c5 24. Qc1 Be6 25. Qf4 Rb3 26. Qh4 Rxc3 27. Nb5 Qa5
28. Nxc3 Qxc3 29. Bd2 Qc4 30. Qe7 Bf7 31. Rc1 Qa6 32. Qxc5 Re8 33. Qe3 Qa4 34.
Qd4 Qxa3 35. Rc7 Qa2 36. Rxa7 Qb1+ 37. Kh2 Qe4 38. Bc3 Bh5 39. Qd2 Kh8 40. e6
Rg8 41. Bxg7+ 1-0

[Event "Ronne Jubilaum"]
[Site "Ronne"]
[Date "2001.06.27"]
[Round "5"]
[White "Rendboe, John Filip"]
[Black "De Firmian, Nick E"]
[Result "0-1"]
[WhiteElo "2259"]
[BlackElo "2382"]
[PlyCount "75"]
[EventDate "2001.??.??"]
[EventType "swiss"]
[EventRounds "9"]
[EventCountry "DEN"]
[SourceDate "2005.12.01"]

1. d4 Nf6 2. c4 e6 3. Nc3 Bb4 4. e3 b6 5. Nge2 Ne4 6. Qc2 Bb7 7. f3 Nxc3 8.
bxc3 Bd6 9. e4 c5 10. d5 O-O 11. Be3 f5 12. O-O-O fxe4 13. fxe4 Qe7 14. Qd2 Be5
15. Ng1 d6 16. Nf3 Nd7 17. Ng5 Nf6 18. Nxe6 Nxe4 19. Qc2 Nxc3 20. Rd3 Ne4 21.
Nxf8 Rxf8 22. Be2 Nf2 23. Bxf2 Rxf2 24. g3 Qf6 25. Qd1 Ba6 26. Rf3 Rxf3 27.
Bxf3 Bxc4 28. Be4 b5 29. Qc2 g6 30. a4 a6 31. axb5 axb5 32. Kb1 Qf7 33. Rd1 Qa7
34. Kc1 Qa3+ 35. Kd2 Bb3 36. Qd3 Qb2+ 37. Ke1 Bc3+ 38. Kf1 0-1

[Event "Ronne Jubilaum"]
[Site "Ronne"]
[Date "2001.06.27"]
[Round "5"]
[White "Maiorov, Nikita"]
[Black "Berg, Klaus"]
[Result "1/2-1/2"]
[WhiteElo "2326"]
[BlackElo "2316"]
[PlyCount "73"]
[EventDate "2001.??.??"]
[EventType "swiss"]
[EventRounds "9"]
[EventCountry "DEN"]
[SourceDate "2005.12.01"]

1. d4 Nf6 2. c4 c5 3. d5 b5 4. cxb5 a6 5. bxa6 g6 6. Nc3 Bxa6 7. g3 d6 8. Bg2
Nbd7 9. Nf3 Bg7 10. O-O Nb6 11. Re1 O-O 12. Nd2 Ra7 13. Nf1 Qa8 14. Ne3 Rb8 15.
Rb1 Bc8 16. Qc2 Bb7 17. Rd1 Na4 18. Nxa4 Rxa4 19. a3 Rd4 20. b4 Nxd5 21. Nxd5
Bxd5 22. Bxd5 Qxd5 23. Be3 Rxd1+ 24. Rxd1 Qa8 25. bxc5 Rc8 26. Qc4 Qxa3 27. c6
Qc3 28. Qxc3 Bxc3 29. Rc1 Bb4 30. Bb6 f5 31. f3 Kf7 32. Kf2 Ke6 33. e4 fxe4 34.
fxe4 Ba3 35. Rc3 Bb4 36. Rc1 Ba3 37. Rc3 1/2-1/2

[Event "Ronne Jubilaum"]
[Site "Ronne"]
[Date "2001.06.27"]
[Round "5"]
[White "Gaponenko, Inna"]
[Black "Fries Nielsen, Jens Ove"]
[Result "1/2-1/2"]
[WhiteElo "2373"]
[BlackElo "2301"]
[PlyCount "40"]
[EventDate "2001.??.??"]
[EventType "swiss"]
[EventRounds "9"]
[EventCountry "DEN"]
[SourceDate "2005.12.01"]

1. e4 c5 2. Nf3 Nc6 3. Nc3 e6 4. d4 cxd4 5. Nxd4 Nf6 6. Ndb5 Bc5 7. Bf4 O-O 8.
e5 a6 9. Nd6 Ne8 10. Nxe8 Rxe8 11. Bd3 d6 12. exd6 e5 13. Be3 Bxd6 14. Ne4 Be7
15. Bc4 Nd4 16. Bxd4 exd4 17. O-O b5 18. Bb3 Bb7 19. Qf3 Kh8 20. Ng5 Bxg5
1/2-1/2

[Event "Ronne Jubilaum"]
[Site "Ronne"]
[Date "2001.06.27"]
[Round "5"]
[White "Hautala, Roman"]
[Black "Hoi, Carsten"]
[Result "1/2-1/2"]
[WhiteElo "2182"]
[BlackElo "2404"]
[PlyCount "32"]
[EventDate "2001.??.??"]
[EventType "swiss"]
[EventRounds "9"]
[EventCountry "DEN"]
[SourceDate "2005.12.01"]

1. g3 g6 2. Nf3 Bg7 3. Bg2 Nf6 4. O-O O-O 5. d3 d6 6. Nbd2 e5 7. e4 Nc6 8. c3
a5 9. a4 h6 10. h3 Be6 11. Re1 Nd7 12. Nf1 Nb6 13. Be3 d5 14. Bxb6 cxb6 15. Ne3
d4 16. Nd5 Bxd5 1/2-1/2

[Event "Ronne Jubilaum"]
[Site "Ronne"]
[Date "2001.06.27"]
[Round "5"]
[White "Baekgaard, Martin"]
[Black "Poley, Vladimir"]
[Result "1-0"]
[WhiteElo "2270"]
[BlackElo "2361"]
[PlyCount "123"]
[EventDate "2001.??.??"]
[EventType "swiss"]
[EventRounds "9"]
[EventCountry "DEN"]
[SourceDate "2005.12.01"]

1. c4 g6 2. g3 Bg7 3. Bg2 e5 4. Nc3 Nc6 5. e4 d6 6. Nge2 Bg4 7. O-O Qd7 8. d3
Bh3 9. Nd5 O-O-O 10. b4 h5 11. Bxh3 Qxh3 12. f3 Nd4 13. Nxd4 exd4 14. Qa4 Kb8
15. b5 Be5 16. Qa5 Rd7 17. Bf4 f5 18. Bxe5 dxe5 19. b6 cxb6 20. Nxb6 Re7 21.
Nd5 Rd7 22. Nf6 Nxf6 23. Qxe5+ Kc8 24. Qxf6 Rhh7 25. Rae1 Rhf7 26. Qe6 h4 27.
Qe8+ Kc7 28. Qe5+ Kc8 29. Qh8+ Kc7 30. exf5 Qxf5 31. Qe5+ Qxe5 32. Rxe5 hxg3
33. hxg3 Rf6 34. f4 Rb6 35. Rfe1 Rb4 36. Kg2 Rd6 37. Kf3 a6 38. g4 b5 39. cxb5
axb5 40. R1e2 Rb1 41. f5 Rd1 42. Ke4 Rg1 43. Kf4 Rd1 44. Re7+ Kc6 45. Rc2+ Kb6
46. Ke5 Rd8 47. Re6+ Ka5 48. Rd6 Rxd6 49. Kxd6 gxf5 50. gxf5 Rxd3 51. Rf2 Rc3
52. f6 Rc8 53. f7 d3 54. f8=Q d2 55. Qxc8 d1=Q+ 56. Kc6 Qh1+ 57. Kc7 Qd5 58.
Rf5 Qc4+ 59. Kb8 Qxa2 60. Qc7+ Kb4 61. Qc5+ Kb3 62. Rf3+ 1-0

[Event "Ronne Jubilaum"]
[Site "Ronne"]
[Date "2001.06.27"]
[Round "5"]
[White "Demina, Julia"]
[Black "Eriksson, Magnus"]
[Result "1-0"]
[WhiteElo "2350"]
[BlackElo "2290"]
[PlyCount "65"]
[EventDate "2001.??.??"]
[EventType "swiss"]
[EventRounds "9"]
[EventCountry "DEN"]
[SourceDate "2005.12.01"]

1. d4 e6 2. Nf3 d5 3. c4 Nf6 4. Nc3 c5 5. cxd5 Nxd5 6. e4 Nxc3 7. bxc3 cxd4 8.
cxd4 Bb4+ 9. Bd2 Qa5 10. Rb1 Bxd2+ 11. Qxd2 Qxd2+ 12. Kxd2 Nd7 13. Bd3 O-O 14.
Rhc1 Rd8 15. Ke3 Nb6 16. Rc7 f6 17. Rbc1 Rb8 18. Bc2 Na8 19. Rc3 Bd7 20. Bb3
Kf7 21. d5 Ke7 22. dxe6 Bxe6 23. Bxe6 Kxe6 24. Nd4+ Ke7 25. a4 g6 26. a5 a6 27.
f4 Rd7 28. f5 Rd6 29. g4 g5 30. h4 Rg8 31. Rh1 gxh4 32. Rxh4 Rg7 33. Rc8 1-0

[Event "Ronne Jubilaum"]
[Site "Ronne"]
[Date "2001.06.27"]
[Round "5"]
[White "Eidelson, Rakhil"]
[Black "Scholvin, Bjoern"]
[Result "0-1"]
[WhiteElo "2280"]
[BlackElo "2122"]
[PlyCount "76"]
[EventDate "2001.??.??"]
[EventType "swiss"]
[EventRounds "9"]
[EventCountry "DEN"]
[SourceDate "2005.12.01"]

1. d4 d5 2. Bg5 Nc6 3. e3 Bf5 4. c4 f6 5. Bh4 e5 6. c5 Nge7 7. Nc3 Qd7 8. Bb5
h5 9. dxe5 fxe5 10. Bxe7 Bxe7 11. Nf3 Rd8 12. Nxe5 Qe6 13. Nxc6 bxc6 14. Be2 g6
15. b4 Bf6 16. Qb3 O-O 17. O-O Be5 18. Rac1 Qe7 19. Nd1 Be4 20. f4 Bg7 21. Nf2
Rde8 22. Nxe4 Qxe4 23. Rf3 Bd4 24. Kh1 Bxe3 25. Bd3 Qd4 26. Rcf1 Rxf4 27. Bxg6
Rxf3 28. Rxf3 Bf2 29. h3 Qa1+ 30. Bb1 Re1+ 31. Kh2 Rxb1 32. Rf8+ Kg7 33. Rxf2
Rxb3 34. axb3 Qe5+ 35. Kg1 Qe1+ 36. Rf1 Qe3+ 37. Kh1 Qxb3 38. Rf3 Qxb4 0-1

[Event "Ronne Jubilaum"]
[Site "Ronne"]
[Date "2001.06.27"]
[Round "5"]
[White "Sandstrom, Anders"]
[Black "Larsen, Karsten"]
[Result "0-1"]
[WhiteElo "1894"]
[BlackElo "2304"]
[PlyCount "79"]
[EventDate "2001.??.??"]
[EventType "swiss"]
[EventRounds "9"]
[EventCountry "DEN"]
[SourceDate "2005.12.01"]

1. Nf3 Nf6 2. c4 g6 3. g3 Bg7 4. Bg2 O-O 5. Nc3 d6 6. O-O e5 7. d3 Nc6 8. Rb1
h6 9. b4 Bg4 10. b5 Ne7 11. Qb3 Qd7 12. a4 Nh5 13. Ba3 b6 14. Rbd1 Bh3 15. e3
g5 16. d4 Bxg2 17. Kxg2 g4 18. Ne1 exd4 19. exd4 Nf5 20. Nd5 Nxd4 21. Rxd4 Bxd4
22. Qd3 Bg7 23. Nc2 Rfe8 24. Nce3 f5 25. f3 Qe6 26. fxg4 fxg4 27. Nxc7 Qxe3 28.
Rf8+ Kxf8 29. Bxd6+ Kg8 30. Qd5+ Kh8 31. Nxe8 Qe2+ 32. Kg1 Qxe8 33. c5 Qe1+ 34.
Kg2 Qe2+ 35. Kg1 Nf6 36. Qf5 Nd7 37. Qd5 Qe3+ 38. Kg2 Bd4 39. Be5+ Qxe5 40. Qa2
0-1

[Event "Ronne Jubilaum"]
[Site "Ronne"]
[Date "2001.06.27"]
[Round "5"]
[White "Bernhardsson, Sten"]
[Black "Hartvig, Ove Weiss"]
[Result "0-1"]
[WhiteElo "2291"]
[BlackElo "2285"]
[PlyCount "92"]
[EventDate "2001.??.??"]
[EventType "swiss"]
[EventRounds "9"]
[EventCountry "DEN"]
[SourceDate "2005.12.01"]

1. d4 f5 2. Nc3 Nf6 3. Bg5 e6 4. e4 fxe4 5. Nxe4 Be7 6. Bxf6 Bxf6 7. Nf3 O-O 8.
Bd3 Nc6 9. c3 d5 10. Nxf6+ Qxf6 11. Qc2 h6 12. Bb5 Ne7 13. O-O a6 14. Bd3 Bd7
15. Ne5 Be8 16. Rfe1 Nc6 17. Nxc6 Bxc6 18. Re3 Qe7 19. Rae1 Rf6 20. Qe2 Bd7 21.
Bb1 Raf8 22. Qc2 g5 23. f3 Qg7 24. Qd2 b6 25. b4 c5 26. bxc5 bxc5 27. dxc5 Rc8
28. Qd4 Rf4 29. Qxg7+ Kxg7 30. Bd3 Rxc5 31. Bxa6 Ra4 32. Bf1 Rxa2 33. Rb1 Bc8
34. g3 Ra3 35. Bh3 Raxc3 36. Rxc3 Rxc3 37. Rb6 Rc1+ 38. Kf2 Rc2+ 39. Ke3 Kf6
40. Bg4 Rxh2 41. Rc6 Bd7 42. Rc7 Ke7 43. f4 gxf4+ 44. gxf4 h5 45. Be2 Kd6 46.
Ra7 d4+ 0-1